Anthropological and sociological concepts and perspectives/ (Record no. 4843)

MARC details
000 -LEADER
fixed length control field 00566nam a22001817a 4500
003 - CONTROL NUMBER IDENTIFIER
control field OSt
005 - DATE AND TIME OF LATEST TRANSACTION
control field 20251124130902.0
008 - FIXED-LENGTH DATA ELEMENTS--GENERAL INFORMATION
fixed length control field 251010b |||||||| |||| 00| 0 eng d
020 ## - INTERNATIONAL STANDARD BOOK NUMBER
International Standard Book Number 971-086-730-X
040 ## - CATALOGING SOURCE
Original cataloging agency DWC-Main Lib.
Transcribing agency OC
245 ## - TITLE STATEMENT
Title Anthropological and sociological concepts and perspectives/
260 ## - PUBLICATION, DISTRIBUTION, ETC.
Place of publication, distribution, etc. Mandaluyong City :
Name of publisher, distributor, etc. National Book Store,
Date of publication, distribution, etc. c2006.
300 ## - PHYSICAL DESCRIPTION
Extent xiv, 433 p. :
Other physical details ill. ;
Dimensions 22 cm.
504 ## - BIBLIOGRAPHY, ETC. NOTE
Bibliography, etc. note Includes bibliographical references.
650 ## - SUBJECT ADDED ENTRY--TOPICAL TERM
Topical term or geographic name entry element 1. Anthropology.
650 ## - SUBJECT ADDED ENTRY--TOPICAL TERM
Topical term or geographic name entry element 2. Sociology.
942 ## - ADDED ENTRY ELEMENTS (KOHA)
Source of classification or shelving scheme Dewey Decimal Classification
Koha item type Book-Filipiniana
Classification part Fil.
Suppress in OPAC No
952 ## - LOCATION AND ITEM INFORMATION (KOHA)
--
952 ## - LOCATION AND ITEM INFORMATION (KOHA)
--
Holdings
Withdrawn status Lost status Source of classification or shelving scheme Damaged status Not for loan Home library Current library Shelving location Date acquired Source of acquisition Total Checkouts Full call number Barcode Date last seen Copy number Price effective from Koha item type Uniform Resource Identifier
    Dewey Decimal Classification     College Library College Library Filipiniana 01/06/2014 School Fund   Fil. 301 Z94a 2006 CL50515 10/10/2025 c1 10/10/2025 BK - FIL
    Dewey Decimal Classification     College Library College Library Filipiniana 03/18/2015 Replacement   Fil. 301 Z94a 2006 CL50975 10/10/2025 c2 10/10/2025 BK - FIL